What's in a Name? A Grammar of Pluralism and Foundations of the Vernacular /

Would it be possible to overcome the dualism of universalism and relativism that the story of the Tower of Babel portends, and modernity perpetuates? Between the dominant paradigms of the dualism of the classical and the vernacular, of universal grammar of Chomskian bio-linguistics and hermeneutic r...

Full description

Saved in:

Main Author: Veeravalli, Anuradha (Author)

Format: eBook

Language: English

Published: Leiden ; Boston : Brill, 2025.

Series: Religious Studies, Theology and Philosophy E-Books Online, Collection 2026.
Value Inquiry Book Series ; 413.

Subjects:

Online Access: Login to view Source

Tags: Add Tag

No Tags, Be the first to tag this record!

Call Number: P57.I4

LEADER 02975nam a22004698i 4500
001 BRILL9789004739130
003 nllekb
005 20260324115022.0
006 m d
007 cr un uuuua
008 250709s2025 gw sb 001 0 eng d
020 |a 9789004739130  |q (electronic book) 
020 |z 9789004739123  |q (print) 
024 7 |a 10.1163/9789004739130  |2 DOI 
035 |z (OCoLC)1516185208 
040 |a NL-LeKB  |c NL-LeKB  |e rda 
041 |a eng 
050 4 |a P57.I4 
072 7 |a HPJ  |2 bicssc 
072 7 |a PHI  |x 013000  |2 bisacsh 
082 0 4 |a 418/.007/054  |2 23 
100 1 |a Veeravalli, Anuradha,  |e author. 
245 1 0 |a What's in a Name? A Grammar of Pluralism and Foundations of the Vernacular /  |c Anuradha Veeravalli. 
264 1 |a Leiden ;  |a Boston :  |b Brill,  |c 2025. 
264 4 |c ©2025 
300 |a 1 online resource (202 pages) :  |b illustrations. 
336 |a text  |b txt  |2 rdacontent 
337 |a computer  |b c  |2 rdamedia 
338 |a online resource  |2 rdacarrier 
490 1 |a Religious Studies, Theology and Philosophy E-Books Online, Collection 2026 
490 1 |a Value Inquiry Book Series ;  |v 413 
504 |a Includes bibliographical references and index. 
520 |a Would it be possible to overcome the dualism of universalism and relativism that the story of the Tower of Babel portends, and modernity perpetuates? Between the dominant paradigms of the dualism of the classical and the vernacular, of universal grammar of Chomskian bio-linguistics and hermeneutic relativism of Steiner, of the ideal and ordinary language theories of Wittgensteinian socio-linguistics, this dichotomy plays itself out, again and again. Tracing the genealogy of the fundamental difference between the presuppositions of a grammar of pluralism and of universal grammar to the disagreement between Plato and Aristotle on the theory of forms, this book brings into focus the dramatic and crucial changes wrought in the liturgy of the Eucharist, in the 13th century, that consolidated Aristotelianism as the dominant regime of the Christian Church and laid the foundations of universal grammar both of the European modernity and of the modern world at large. It argues that it is the vernacular traditions however, that continually challenge this regime within different religious orthodoxies and in modernity with the reiteration and re-affirmation of the theory of the true name as the basis of a grammar of pluralism. 
546 |a English 
588 |a Description based on print version record. 
650 0 |a Languages and Linguistics. 
650 0 |a Philosophy. 
776 0 8 |i Print version:  |t What's in a Name? A Grammar of Pluralism and Foundations of the Vernacular.  |d Leiden ; Boston : Brill, 2025.  |z 9789004739123 
830 0 |a Religious Studies, Theology and Philosophy E-Books Online, Collection 2026. 
830 0 |a Value Inquiry Book Series ;  |v 413. 
856 4 |z DOI:   |u http://dx.doi.org/10.1163/9789004739130 
999 |c 61941  |d 61941